00314nam a2200121Ia 4500008004100000020001800041041000800059082002100067100003100088245003100119260003300150300000900183230411s9999 xx 000 0 und d a81-250-2739-4 aeng aX/820/KUL/B04219 aKulkarni V G & Phondke Bal aInventions And Discoveries bOrient LongmanaMumbaic2004 a209p